000 00439nam a2200181Ia 4500
001 19011
005 20260306171712.0
008 260306s9999||||xx |||||||||||||| ||und||
041 _aESP
082 _a658.781
_bT68
100 _aTolosa, Lander
_eAUT
245 0 _aTécnicas de mejora continua en el transporte
260 _c2017
300 _a102 páginas :
_c21 cm.
650 _aGEN
654 _aCAN
942 _cLIB
_dJUS
_fJUS
_2ddc
_n
999 _c19011
_d19011